František Jiroudek : výběr z díla : Galerie výtvarného umění v Litoměřicích : září-říjen 1975 /

Hlavní autor: Jiroudek, František, 1914-1991
Další autoři: Berka, Čestmír, Paul, Pavel, Vackář, Zdeněk
Jazyk: Čeština
Vydáno: Litoměřice : Galerie výtvarného umění, 1975
Témata:
Fyzický popis: 1 svazek (nestránkováno) : ilustrace
Knihy
Uloženo v:
LEADER 01558nam a22004092i 4500
001 001577516
003 CZ BrMZK
005 20171005141820.0
007 ta
008 170522s1975 xr a er|||||||||||cze d
040 |a ABA010  |b cze  |d BOA001  |e rda 
043 |a e-xr--- 
045 |a x-x- 
072 7 |a 72/76  |x Výtvarné umění  |2 Konspekt  |9 21 
080 |a 72/76(437.3)  |2 MRF 
080 |a 7.036/.038  |2 MRF 
080 |a (437.3)  |2 MRF 
080 |a (083.824)  |2 MRF 
100 1 |a Jiroudek, František,  |d 1914-1991  |7 jk01051903  |4 art 
245 1 0 |a František Jiroudek :  |b výběr z díla : Galerie výtvarného umění v Litoměřicích : září-říjen 1975 /  |c text Čestmír Berka ; fotografie Pavel Paul a Zdeněk Vackář 
264 1 |a Litoměřice :  |b Galerie výtvarného umění,  |c 1975 
300 |a 1 svazek (nestránkováno) :  |b ilustrace 
336 |a text  |b txt  |2 rdacontent 
337 |a bez média  |b n  |2 rdamedia 
338 |a svazek  |b nc  |2 rdacarrier 
600 1 7 |a Jiroudek, František,  |d 1914-1991  |7 jk01051903  |2 czenas 
648 7 |a 20. století  |7 ch460558  |2 czenas 
650 0 7 |a české výtvarné umění  |7 ph116865  |y 20. století  |2 czenas 
650 0 7 |a moderní umění  |7 ph115340  |z Česko  |2 czenas 
655 7 |a katalogy výstav  |7 fd132536  |2 czenas 
700 1 |a Berka, Čestmír  |7 jk01011832  |4 wfw 
700 1 |a Paul, Pavel  |7 jx20031124132  |4 pht 
700 1 |a Vackář, Zdeněk  |4 pht 
910 |a BOA001  |b X-0742.716 
990 |a BK 
991 |b 201705 
996 6 |b 2619195000  |c X-0742.716  |l MZK  |r Sklad / do 24 hodin  |n 0  |w 001612746  |u 000010  |a 1  |e BOA001  |j MZK50  |s P